000
00190nam a2200109Ia 4500
100
_a
#N/A
942
_c
BK
654
_a
hp
245
_a
Service Pack 1
260
_b
#N/A
546
_a
ENGLISH
999
_c
19879
_d
19879